Learning for leadership: developmental strategies for building capacity in our schools

Guardat en:
Dades bibliogràfiques
Autor principal: DRAGO-SEVERSON, Eleanor
Format: Llibre
Idioma:anglès
Publicat: Sage Publications, 2013.
Etiquetes: Afegir etiqueta
Sense etiquetes, Sigues el primer a etiquetar aquest registre!

MARC

LEADER 00000nam a22000007a 4500
008 210408b ||||| |||| 00| 0 eng d
020 |a 978-1-4129-9440-8 
100 |a DRAGO-SEVERSON, Eleanor 
245 |a Learning for leadership:  |b  developmental strategies for building capacity in our schools  |c Eleanor Drago- Severson, Jessica Blum-DeStefano [and] Anila Asghar.   |g xvii , 295p.; ill. 
260 |b Sage Publications,   |c  2013.  |h Thousand Oaks, CA: Corwin,   |i 692040   |i 692041   |l LB1731 .D78  |m Teachers – In-service training.  |m School administrators – In-service training.   |m Educational leadership.   |m Adult learning. 
500 |a “It includes references and index”. 
942 |a lcc  |c BK  |e Adeniran F. A  |f 08/04/2021 
952 |0 0  |1 0  |2 lcc  |4 0  |6 LB1731 D78  |7 0  |9 2048  |a HOL  |b ED  |c LP  |d 2021-04-08  |l 0  |o LB1731 .D78  |p 2021-5905  |r 2021-04-08 00:00:00  |w 2021-04-08  |y BK 
952 |0 0  |1 0  |2 lcc  |4 0  |6 LB1731 D78  |7 0  |9 2049  |a HOL  |b HOL  |c LP  |d 2021-04-08  |l 0  |o LB1731 .D78  |p 2021-5906  |r 2021-04-08 00:00:00  |w 2021-04-08  |y BK 
999 |c 1063  |d 1063